Theory and problems of differential equations
Đã lưu trong:
| Tác giả chính: | |
|---|---|
| Định dạng: | Sách |
| Ngôn ngữ: | Tiếng Anh |
| Được phát hành: |
Nueva York
Schaum Publishing
1952
|
| Phiên bản: | 1a. ed |
| Loạt: | Schaum's outline series
|
| Những chủ đề: | |
| Các nhãn: |
Thêm thẻ
Không có thẻ, Là người đầu tiên thẻ bản ghi này!
|
MARC
| LEADER | 00000cam a2200000 a 4500 | ||
|---|---|---|---|
| 001 | UCG0270 | ||
| 003 | CL-VaPUC | ||
| 008 | 100318e19520000US |||||||||||||||||eng|d | ||
| 082 | 0 | 4 | |a 515.35 |b AYR |2 21 |
| 100 | 0 | |a Ayres, Frank |e author |9 547635 | |
| 245 | 1 | 0 | |a Theory and problems of differential equations |
| 250 | |a 1a. ed | ||
| 300 | |a 296 p | ||
| 942 | |c BK | ||
| 945 | |d 20100318 00:00:00 |a rbrito | ||
| 260 | |a Nueva York |b Schaum Publishing |c 1952 | ||
| 650 | 0 | |a Ecuaciones diferenciales |9 260083 | |
| 650 | 0 | |a Geometría |9 264063 | |
| 650 | 0 | |a Ecuaciones lineales |9 342219 | |
| 583 | |a last modification |c 20170816 12:34:53 |k Rodrigo Vera | ||
| 490 | 0 | |a Schaum's outline series | |
| 999 | |c 339957 |d 339955 | ||
| 952 | |0 0 |1 0 |4 0 |6 515_350000000000000_AYR_1952 |7 0 |8 A |9 434226 |a BIBCUR |b BIBCUR |d 2019-11-22 |i 4649923 |o 515.35 AYR 1952 |p 4649923 |r 2025-04-22 |w 2019-11-22 |y BK |k FIS | ||
| 952 | |0 0 |1 0 |3 erb |4 0 |6 515_350000000000000_AYR_1952 |7 0 |8 A |9 434227 |a BIBMAT |b BIBMAT |i 5415500 |o 515.35 AYR 1952 |p 5415500 |r 2025-01-07 |w 2019-11-22 |y BK |z Catalogado en:20170818 |k MAT | ||